000 00592nam a2200181Ia 4500
999 _c65490
_d65490
005 20240530110827.0
008 140319s9999 xx 000 0 ara d
017 _bمصر. دار الكتب
040 _aGCL /
_cGCL
082 0 4 _a254
_bر ب
_221
100 1 _aابن رشد ابى الوليد محمد بن احمد بن محمد
245 1 0 _aبداية المجتهد ونهاية المقتصد /
_cابن رشد ابى الوليد محمد بن احمد بن محمد
260 _c1989
300 _a855 ص
_c24 سم.
650 _2qrmak
651 _2qrmak
942 _2ddc
_cBK